00531 2200181 4500001002100000005001500021035002000036245008900056100002400145260004300169300003000212020002200242084001400264082000800278650001000286008004100296990001200337INLIS00000000000273420251007101115 a0010-09250000811 aMengenal Ulama Nusantara Sejarah Biografi 50 Ulama Karismatik /cTim Bantul Mukminin aTim Bantul Mukminin aJakarta :bEmir Cakrawala Islam,c2019 a306 hlm ;c(14,5 x 21 cm) a978-602-0935-87-4 a200 TIM m a200 4aFiksi251007 0  a0754936